| 000 | 01232nam0a22003251 4500 | ||
|---|---|---|---|
| 001 | rc\3947003 | ||
| 005 | 20130415114736.0 | ||
| 021 |
_aRU _b[52-32188] |
||
| 035 | _a(NLR Aleph) 007922074 | ||
| 090 |
_a8164323 _c8164323 |
||
| 100 | _a20130415d1952 |||y0rusy50 ca | ||
| 101 | 0 | _ager | |
| 102 | _aRU | ||
| 105 | _ac z ||||| | ||
| 200 | 1 |
_aИзбранные произведения _fСост. [и автор предисл.] О.Н. Михеева |
|
| 210 |
_aМосква _cИзд-во лит. на иностр. яз. _d1952 |
||
| 215 |
_a184 с., 1 л. портр. _d21 |
||
| 225 | 1 | _aБиблиотека немецких писателей | |
| 300 | _aНа переплете загл. серии: Bibliothek deutscher Schriftsteller | ||
| 300 | _aПредисл. и коммент. на рус. яз. | ||
| 300 | _aТекст на нем. яз. | ||
| 300 | _aНа переплете: George Weerth. Ausgewählte Werke | ||
| 517 | 0 | _aAusgewählte Werke | |
| 700 | 1 |
_aВеерт _bГ. _f1822-1856 _gГеорг |
|
| 702 | 1 |
_aМихеева _bО. Н. _gОльга Николаевна _4220 _4080 |
|
| 801 | 0 |
_aRU _bNLR _gpsbo |
|
| 801 | 1 |
_aRU _bELAR _2rusmarc |
|
| 852 |
_aNLR _jЯ60 Г-3/851 |
||
| 942 | _cBOOK | ||
| 980 | _aNB | ||